| 000 | 00361nam a22001337a 4500 | ||
|---|---|---|---|
| 003 | SGT | ||
| 082 |
_a616.01 _bS21M |
||
| 100 | _aMEHRISHI, PRIYA | ||
| 245 | _aStudy of Medicinal Plant Extracts On Biofilm Producing Drug Resistant Clinical Isolates | ||
| 260 |
_aSGT UNIVERSITY _bSGT UNIVERSITY _c2021 |
||
| 300 | _a194 | ||
| 650 | _aPHD THESIS | ||
| 942 |
_2ddc _cTH |
||
| 999 |
_c26413 _d26413 |
||